|
|
|
|
| LEADER |
02120nam a2200349 a 4500 |
| 001 |
GR-Patra24992 |
| 008 |
080401s2007 mau g b 001 0 eng d |
| 020 |
|
|
|a 0071107665
|
| 040 |
|
|
|a GrPaTEI
|b gre
|c GR-PaULI
|
| 040 |
|
|
|a GrPaTEI
|b gre
|c GR-PaULI
|
| 082 |
|
0 |
|a 004.21
|2 22
|
| 100 |
1 |
|
|a Bentley, Lonnie D.
|
| 245 |
1 |
0 |
|a Systems analysis and design for the global enterprise /
|c Lonnie D. Bentley, Jeffrey L. Whitten.
|
| 250 |
|
|
|a 7th ed.
|
| 260 |
|
|
|a Boston :
|b McGraw-Hill,
|c c2007
|
| 300 |
|
|
|a xv, 747 σ. :
|b εικ.
|
| 504 |
|
|
|a Περιλαμβάνει βιβλιογραφίες και ευρετήριο.
|
| 610 |
2 |
4 |
|a Παράρτημα Αμαλιάδος.
|b Τμήμα Εφαρμογών Πληροφορικής στη Διοίκηση και την Οικονομία
|
| 650 |
|
0 |
|a System analysis
|
| 650 |
|
0 |
|a System design
|
| 650 |
|
4 |
|a Ανάλυση συστημάτων
|
| 650 |
|
4 |
|a Σχεδιασμός συστημάτων
|
| 700 |
1 |
|
|a Whitten, Jeffrey L.
|
| 710 |
0 |
|
|a McGraw-Hill
|
| 942 |
|
|
|2 ddc
|
| 952 |
|
|
|0 0
|1 0
|2 ddc
|4 0
|6 004_210000000000000_BEN
|7 0
|9 306389
|a LISK
|b LISK
|c BSC
|d 2021-01-17
|e 24
|f 0
|g 0.00
|l 0
|o 004.21 BEN
|p 92410038566
|r 2021-01-17 00:00:00
|t 1
|w 2021-01-17
|y BK15
|x 20080401 0 1
|x GrPaTEI
|
| 952 |
|
|
|0 0
|1 0
|2 ddc
|4 0
|6 004_210000000000000_BEN
|7 0
|9 306390
|a LISK
|b LISK
|c BSC
|d 2021-01-17
|e 24
|f 0
|g 0.00
|l 0
|o 004.21 BEN
|p 92410038567
|r 2021-01-17 00:00:00
|t 1
|w 2021-01-17
|y BK15
|x 20080401 0 1
|x GrPaTEI
|
| 952 |
|
|
|0 0
|1 0
|2 ddc
|4 0
|6 004_210000000000000_BEN
|7 1
|9 306391
|a LISK
|b LISK
|c BSC
|d 2021-01-17
|e 24
|f 0
|g 0.00
|l 0
|o 004.21 BEN
|p 92410038568
|r 2021-01-17 00:00:00
|t 1
|w 2021-01-17
|y BKN
|x 20080401 0 0
|x GrPaTEI
|
| 952 |
|
|
|0 0
|1 0
|2 ddc
|4 0
|6 004_210000000000000_BEN
|7 0
|9 306395
|a LISK
|b LISK
|c ALF
|d 2021-01-17
|e 24
|f 0
|g 0.00
|l 0
|o 004.21 BEN
|p 99241000038567
|r 2021-01-17 00:00:00
|t 1
|w 2021-01-17
|y BK15
|x Purchase/Donation Number
|x General Note
|x GrPaTEI
|
| 952 |
|
|
|0 0
|1 0
|2 ddc
|4 0
|6 004_210000000000000_BEN
|7 0
|9 306396
|a LISK
|b LISK
|c BSC
|d 2021-01-17
|e 24
|f 0
|g 0.00
|l 0
|o 004.21 BEN
|p 92410038563
|r 2021-01-17 00:00:00
|t 1
|w 2021-01-17
|y BK15
|x 20080401 0 1
|x GrPaTEI
|
| 971 |
|
|
|a .b26725642
|b 15-04-20
|c 26-09-16
|
| 999 |
|
|
|c 177054
|d 177054
|